000 01421nam a2200337Ia 4500
001 ebr10021559
003 CaPaEBR
006 m u
007 cr cn|||||||||
008 010731s2002 mdua sb 001 0 eng d
010 _z 2001046459
020 _z0801876389
020 _z0801868661 (alk. paper)
020 _z080186867X (pbk. : alk. paper)
040 _aCaPaEBR
_cCaPaEBR
035 _a(OCoLC)559148724
050 1 4 _aQC20.7.S8
_bL45 2002eb
082 0 4 _a530.15/923
_221
100 1 _aLemons, Don S.
_q(Don Stephen),
_d1949-
245 1 3 _aAn Introduction to stochastic processes in physics
_h[electronic resource] :
_bcontaining "On the theory of Brownian motion" by Paul Langevin, translated by Anthony Gythiel /
_cDon S. Lemons.
260 _aBaltimore :
_bJohns Hopkins University Press,
_c2002.
300 _axii, 110 p. :
_bill.
504 _aIncludes bibliographical references (p. [107]-108) and index.
533 _aElectronic reproduction.
_bPalo Alto, Calif. :
_cebrary,
_d2013.
_nAvailable via World Wide Web.
_nAccess may be limited to ebrary affiliated libraries.
650 0 _aStochastic processes.
650 0 _aMathematical physics.
655 7 _aElectronic books.
_2local
700 1 _aLangevin, Paul,
_d1872-1946.
710 2 _aebrary, Inc.
856 4 0 _uhttp://site.ebrary.com/lib/rucke/Doc?id=10021559
_zAn electronic book accessible through the World Wide Web; click to view
999 _c10266
_d10266